| 000 | 00431nam a22001457a 4500 | ||
|---|---|---|---|
| 999 |
_c15340 _d15340 |
||
| 082 |
_a631.7 _bRAT/PE |
||
| 100 |
_aRATHNAKUMAR, V. K _93014 |
||
| 245 | _aPerformance study of hydraulic ram by varying length and inclination of supply pipe | ||
| 260 |
_aTavanur _bKelappaji College of Agricultural Engineering and Technology _c1991 |
||
| 300 | _a125 | ||
| 500 | _athesis | ||
| 520 | _athesis | ||
| 650 |
_athesis _92982 |
||
| 942 | _cTH | ||